000 00208 a2200097 4500
001 9248
100 _aArberry,A.J.
245 _aAspects of Islamic civilization
260 _a
_bAllen
_c
090 _c7418
_d7418
942 _aNUST-CAE
_cM
_c34065
999 _c244321
_d244321